000 00276nam a2200109Ia 4500
008 190216s9999||||xx |||||||||||||| ||und||
100 _aDr.Balakrishnan Nair
245 0 _aHindi-Bhuniyadi Avishkar
260 _bNew Age International Publishers
650 _aHindi
942 _cBK
999 _c15886
_d15886